Mind of St Paul (Record no. 18437)

MARC details
000 -LEADER
fixed length control field 00643nam a2200265 a 4500
020 ## - INTERNATIONAL STANDARD BOOK NUMBER
ISBN
082 00 - DEWEY DECIMAL CLASSIFICATION NUMBER
Classification number 239.09
Author Cutter BAR
100 ## - MAIN ENTRY--AUTHOR NAME
Author name Barcly, William
245 ## - TITLE STATEMENT
Title Mind of St Paul
260 ## - PUBLICATION, DISTRIBUTION, ETC. (IMPRINT)
Place of publication London
Name of publisher Collins
Year of publication 1958
300 ## - PHYSICAL DESCRIPTION
Number of Pages 192p
500 ## - GENERAL NOTE
General note includes index and biblioraphy
505 2# - FORMATTED CONTENTS NOTE
Formatted contents note Notes
650 ## - SUBJECT ADDED ENTRY--TOPICAL TERM
Topical Term Saint Pauls Cathedral
650 ## - SUBJECT ADDED ENTRY--TOPICAL TERM
Topical Term Bible N.T. Epistles Paul
650 ## - SUBJECT ADDED ENTRY--TOPICAL TERM
Topical Term Theology-Doctrinal-History
942 ## - ADDED ENTRY ELEMENTS (KOHA)
Koha item type Books
700 1# -
-- Barcly, William
Holdings
Collection code Home library Current library Date acquired Cost, normal purchase price Full call number Accession Number Koha item type
  Henry Martyn Institute Library Henry Martyn Institute Library 06/28/2007 100.00 239.09 BAR 11000878 Books
                   Copyright © 2026 | Henry Martyn Institute | Hyderabad | TS-500052 | INDIA | Implemented by hmi.edu.in
Hit-Count:

Powered by Koha